The Baltic states in the 1990's : Western companies in Estonia, Latvia and Lithuania /

Saved in:
Bibliographic Details
Main Author: Tiusanen, Tauno.
Other Authors: Talvitie, Kirsi.
Format: Book
Language:English
Published: Lappeenranta : Lappeenranta University of Technology, 1998.
Series:Studies in industrial engineering and management ; 1998/4.
Subjects:
Tags: Add Tag
No Tags, Be the first to tag this record!
LEADER 01011nam a2200277Ia 4500
001 007911046-0
005 20030721085646.0
008 030626s1998 fi a b 000 0 eng d
020 |a 9517641958 
035 0 |a ocm52509160 
040 |a HLS  |c HLS 
043 |a eb----- 
050 4 |a HD4215.75  |b .T58 1998 
090 |a HD4215.75  |b .T58 1998 
100 1 |a Tiusanen, Tauno. 
245 1 4 |a The Baltic states in the 1990's :  |b Western companies in Estonia, Latvia and Lithuania /  |c Tauno Tiusanen, Kirsi Talvitie. 
260 |a Lappeenranta :  |b Lappeenranta University of Technology,  |c 1998. 
300 |a 144 p. :  |b ill. ;  |c 26 cm. 
490 1 |a Studies in industrial engineering and management,  |x 1455-0415 ;  |v 4/1998 
504 |a Includes bibliographical references. 
650 0 |a Business enterprises  |z Baltic States. 
651 0 |a Baltic States  |x Economic conditions  |y 20th century. 
700 1 |a Talvitie, Kirsi. 
830 0 |a Studies in industrial engineering and management ;  |v 1998/4. 
988 |a 20030709 
906 |0 MH